Normal view
MARC view
- Duncan, Glen,
Entry Personal Name
001 - CONTROL NUMBER
- control field: 8238
003 - CONTROL NUMBER IDENTIFIER
- control field: NUST
005 - DATE AND TIME OF LATEST TRANSACTION
- control field: 20180111101505.0
008 - FIXED-LENGTH DATA ELEMENTS
- fixed length control field: 180111|| aca||aabn | a|a d
040 ## - CATALOGING SOURCE
- Original cataloging agency: NUST
- Transcribing agency: NUST
100 ## - HEADING--PERSONAL NAME
- Personal name: Duncan, Glen,
- Dates associated with a name: 1965-
670 ## - SOURCE DATA FOUND
- Source citation: Work cat.: (NUST)0: Duncan, Glen, 1965-, A day and a night and a day :, 2009.
